Tilastot visalle Ravikuninkaat

Klikkaa tästä pelataksesi tätä visaa!

Yleistilastot

  • Tätä visaa on pelattu 6 kertaa
  • Keskiarvotulos 20 / 91

Vastaustilastot

vuosi ja raviratahevonen% Oikein
1997 YlivieskaViesker
100%
1996 MikkeliViesker
100%
1998 KuopioViesker
100%
1999 PoriViesker
100%
2000 JoensuuViesker
100%
2022 ForssaEvartti
80%
2021 SeinäjokiEvartti
80%
2020 SeinäjokiEvartti
80%
1946 LahtiEri
60%
2015 JoensuuJokivarren Kunkku
60%
2002 KaustinenSanteri Dahlia
60%
2001 TurkuSanteri Dahlia
60%
2005 SeinäjokiSanteri Dahlia
60%
2004 RovaniemiApassi
40%
2003 LahtiApassi
40%
1943 SeinäjokiEri-Aaroni
40%
2012 MikkeliErikasson
40%
2013 KuopioErikasson
40%
2014 PoriKöppinen
40%
2017 HelsinkiKöppinen
40%
1956 Riihimäki TAMMASuhina
40%
1979 MikkeliVekseli
40%
1980 PoriVekseli
40%
1984 JoensuuVekseli
40%
1981 OuluVekseli
40%
1982 KuopioVekseli
40%
1973 KouvolaVieteri
40%
1978 TampereVieteri
40%
1976 JyväskyläVieteri
40%
1974 LahtiVieteri
40%
1977 LappeenrantaVieteri
40%
2016 TurkuVitter
40%
1959 KuopioEro-Lohko
20%
1960 HelsinkiEro-Lohko
20%
1961 VaasaEro-Lohko
20%
1958 LahtiEro-Lohko
20%
1926 LahtiMurto
20%
1929 LahtiMurto
20%
2008 JyväskyläSaran Salama
20%
2006 ForssaSaran Salama
20%
2007 KouvolaSaran Salama
20%
2019 LahtiTähen Toivomus
20%
1951 SeinäjokiAkapeetus
0%
1950 PoriAkapeetus
0%
1949 TurkuAkapeetus
0%
1972 PoriAlo-Valo
0%
1971 VaasaAlo-Valo
0%
1953 TampereAmor
0%
1952 KouvolaAmor
0%
1964 KouvolaAskare
0%
2010 OuluA.T. Eko
0%
2018 RovaniemiCostello
0%
1963 TurkuEri-Poika
0%
1975 SeinäjokiEri-Teräs
0%
1947 HelsinkiEri-Vili
0%
1948 JoensuuEri-Vili
0%
1955 LappeenrantaErkko
0%
1954 OuluErkko
0%
1957 KokkolaErkko
0%
1970 HelsinkiForte
0%
1969 OuluForte
0%
1924 LahtiHuovi
0%
1962 JyväskyläIhme-Toti
0%
1927 LahtiKirri
0%
1939 TurkuLohdutus
0%
1938 ViipuriLohdutus
0%
1928 LahtiPamun-Humu
0%
1991 JyväskyläPatrik
0%
1990 KouvolaPatrik
0%
1989 SeinäjokiPatrik
0%
1988 ForssaPatrik
0%
2009 LappeenrantaPatrikin Muisto
0%
1994 OuluPette
0%
1993 LappeenrantaPette
0%
1992 HelsinkiPonseri
0%
1965 SeinäjokiPuemies
0%
1925 Lahti TAMMAReippaan-Liisu
0%
1995 TampereRikhart
0%
1966 PoriRiuska
0%
1930 Lahti TAMMATomu
0%
1933 Seinäjoki TAMMATomu
0%
1932 Tampere TAMMATomu
0%
1931 Helsinki TAMMATomu
0%
1968 ForssaUusi-Veto
0%
1967 KuopioUusi-Veto
0%
1945 TampereValokas
0%
1987 LahtiVekke
0%
2011 TampereVillihotti
0%
1986 TornioVireeni
0%
1985 KaustinenVireeni
0%
1983 TurkuVireeni
0%

Tulosjakauma

Persentiili vastausten määrän mukaan

Jokaisen tuloksen saaneiden osuus

Tuloshistoriasi

Et ole pelannut tätä visaa